000 00536nam a2200193 i 4500
001 51509
003 ES-MaACL
005 20240411063014.0
007 t|
008 030813s1978 sp ||||1| spa d
100 0 _aChevez, María,
_d1940-
_938433
245 1 0 _aAfrotiki
_b: biografía de una desconocida /
_cMaría Chevez.
250 _a[2ª ed.].
260 _a[Madrid :
_bGrupo Cero,
_c1978]
300 _a48 p. ;
_c21 cm.
852 _aES-MaACL
_j2113-F-13
_bR.100435
942 _2udc
999 _c51509
_d51509